000 00557nam a22001817a 4500
005 20260506145528.0
008 260506b |||||||| |||| 00| 0 eng d
020 _a081511320X Pbk. Bp.
040 _aMMSU
_cULS
_dULS
050 _aRC 117 B84 1979 CHS
100 _aBulmer, Glenn S.
245 _aIntroduction to medical mycology /
_cGlenn S. Bulmer.
260 _aChicago :
_bYear Book Medical Publishers, Inc.,
_c1979.
300 _a195 pages :
_billustrations ;
_c25 cm.
500 _aIncludes index.
650 _aMedical mycology
942 _2lcc
_cBK
999 _c29077
_d29077